000 01253nam a22003137a 4500
003 PE SENCICO BE
005 20260224164443.0
008 251113b |||||||| |||| 00| 0 eng d
017 _22009-14785
020 _a978-9972-209-98-7
040 _aPE SENCICO BE
_cPE SENCICO BE
041 _aspa
082 _a698
_bA81
100 1 _aAsensio, Óscar
_918
_eautor
245 1 _aAcabados de construcción /
_cOscar Asensio, editor: Yanina Vanesa Arruiz
250 _a[1a ed.]
260 _aBarcelona :
_bLexus editores,
_c2010
300 _a255 páginas :
_bilustraciones ;
_c34 cm.
505 0 _aSuelos -- Paredes -- Techos -- Fachadas
520 3 _aEn un proceso constructivo el revestimiento es la etapa en la que se trabaja sobre las superficies para darles determinadas características relacionadas con la funcionalidad y la apariencia de cada sector,. Constituyendo las tareas orientadas a proporcionar comodidad y estética.
650 1 0 _aAcabados
_9373
650 2 0 _aArquitectura de viviendas
_9409
650 2 0 _aDiseño de interiores
_9315
650 2 0 _aIndustria de la construcción
_9355
650 2 0 _aProceso constructivo
_9426
700 1 _aArruiz, Yanina Vanesa
_932
_eautor
910 _ahfp
942 _2ddc
_cLIB
999 _c9756
_d9756